Vplyv internetu na predajnosť produktov na domácom i zahraničnom trhu bakalárska práca

Salvato in:
Dettagli Bibliografici
Autore principale: Smolková, Lenka
Ente Autore: Obchodná fakulta EU. Katedra tovaroznalectva a kvality tovaru
Altri autori: Dudeková, Alena, 1986-
Natura: Libro
Lingua:slovacco
Pubblicazione: Bratislava 2015
Tags: Aggiungi Tag
Nessun Tag, puoi essere il primo ad aggiungerne!!

MARC

LEADER 00000nbm a2200000 4500
001 0203194
005 20161212105232.8
041 0 |a slo 
044 |a SK 
245 1 0 |a Vplyv internetu na predajnosť produktov na domácom i zahraničnom trhu  |b bakalárska práca  |c Lenka Smolková ; školiteľ: Alena Dudeková 
264 1 |a Bratislava  |c 2015 
300 |a 55 s. 
100 1 |a Smolková, Lenka 
700 1 |a Dudeková, Alena, 1986- 
710 2 |a Obchodná fakulta EU. Katedra tovaroznalectva a kvality tovaru